Fashion Logos Quiz Stats

 Plays Quiz Updated Oct 11, 2013

Also try: Circular Logos
Challenge
Share
Tweet
Score 0/15 Timer 04:00
10 Plays Today
% Correct
Ralph Lauren
94.6%
Calvin Klein
92.5%
Chanel
81.9%
Dolce and Gabbana
74.3%
Gucci
72.2%
Louis Vuitton
70.1%
Coach
62%
Michael Kors
61.3%
% Correct
Vera Wang
43.8%
Versace
43.1%
Fendi
42.2%
Tiffany and Co.
30.6%
Giorgio Armani
21.4%
Burberry
20%
Valentino
14.8%

You're not logged in!

Compare scores with friends on all Sporcle quizzes.
Join for Free
OR
Log In

You Might Also Like...

Show Comments

Extras

Top Quizzes Today


Score Distribution

Your Account Isn't Verified!

In order to create a playlist on Sporcle, you need to verify the email address you used during registration. Go to your Sporcle Settings to finish the process.

Report this User

Report this user for behavior that violates our Community Guidelines.

Details: